<?xml version="1.0" encoding="UTF-8"?>
<record
    xmlns:xsi="http://www.w3.org/2001/XMLSchema-instance"
    xsi:schemaLocation="http://www.loc.gov/MARC21/slim http://www.loc.gov/standards/marcxml/schema/MARC21slim.xsd"
    xmlns="http://www.loc.gov/MARC21/slim">

  <leader>03148nam a2200361 a 4500</leader>
  <controlfield tag="001">ebr10310852</controlfield>
  <controlfield tag="003">CaPaEBR</controlfield>
  <controlfield tag="006">m        u        </controlfield>
  <controlfield tag="007">cr cn|||||||||</controlfield>
  <controlfield tag="008">090313s2009    nyua    sb    000 0 eng  </controlfield>
  <datafield tag="010" ind1=" " ind2=" ">
    <subfield code="z">  2009009453</subfield>
  </datafield>
  <datafield tag="020" ind1=" " ind2=" ">
    <subfield code="z">9781847691668 (hbk)</subfield>
  </datafield>
  <datafield tag="020" ind1=" " ind2=" ">
    <subfield code="z">9781847691651 (pbk)</subfield>
  </datafield>
  <datafield tag="040" ind1=" " ind2=" ">
    <subfield code="a">CaPaEBR</subfield>
    <subfield code="c">CaPaEBR</subfield>
  </datafield>
  <datafield tag="035" ind1=" " ind2=" ">
    <subfield code="a">(OCoLC)649244734</subfield>
  </datafield>
  <datafield tag="043" ind1=" " ind2=" ">
    <subfield code="a">e------</subfield>
  </datafield>
  <datafield tag="050" ind1="1" ind2="4">
    <subfield code="a">P57.E9</subfield>
    <subfield code="b">C665 2009eb</subfield>
  </datafield>
  <datafield tag="082" ind1="0" ind2="4">
    <subfield code="a">418.0071/04</subfield>
    <subfield code="2">22</subfield>
  </datafield>
  <datafield tag="245" ind1="0" ind2="0">
    <subfield code="a">Content and language integrated learning</subfield>
    <subfield code="h">[electronic resource] :</subfield>
    <subfield code="b">evidence from research in Europe /</subfield>
    <subfield code="c">edited by Yolanda Ruiz de Zarobe and Rosa Mar&#xFFFD;ia Jim&#xFFFD;enez Catal&#xFFFD;an.</subfield>
  </datafield>
  <datafield tag="260" ind1=" " ind2=" ">
    <subfield code="a">Bristol, UK ;</subfield>
    <subfield code="a">Buffalo [N.Y.] :</subfield>
    <subfield code="b">Channel View Publications,</subfield>
    <subfield code="c">c2009.</subfield>
  </datafield>
  <datafield tag="300" ind1=" " ind2=" ">
    <subfield code="a">xvi, 234 p. :</subfield>
    <subfield code="b">ill.</subfield>
  </datafield>
  <datafield tag="490" ind1="0" ind2=" ">
    <subfield code="a">Second language acquisition ;</subfield>
    <subfield code="v">41</subfield>
  </datafield>
  <datafield tag="504" ind1=" " ind2=" ">
    <subfield code="a">Includes bibliographical references.</subfield>
  </datafield>
  <datafield tag="505" ind1="0" ind2=" ">
    <subfield code="a">Introduction / Yolanda Ruiz de Zarobe and Rosa Mar&#xFFFD;ia Jim&#xFFFD;enez Catal&#xFFFD;an --  Theoretical and implementation issues of content and language integrated learning. Spanish CLIL: research and official actions / Almudena Fern&#xFFFD;andez Fontecha -- Effective CLIL programmes / Teresa Nav&#xFFFD;es -- Developing theories of practices in CLIL: CLIL as postmethod pedagogies? / Rolf Wiesemes -- Studies in Content and Language Integrated Learning. Testing the effectiveness of CLIL in foreign language contexts: the assessment of English pronunciation / Francisco Gallardo del Puerto, Esther G&#xFFFD;omez Lacabex and Mar&#xFFFD;ia Luisa Garc&#xFFFD;ia Lecumberri -- The receptive vocabulary of EFL learners in two instructional contexts: CLIL vs. non-CLIL instruction / Rosa Mar&#xFFFD;ia Jim&#xFFFD;enez Catal&#xFFFD;an and Yolanda Ruiz de Zarobe -- Young learners' L2 word association responses in two different learning contexts / Soraya Moreno Espinosa -- The role of Spanish L1 in the vocabulary use of CLIL and non-CLIL EFL learners /  Mar&#xFFFD;ia del Pilar Agust&#xFFFD;in Ilach -- Themes, and vocabulary in CLIL and non-CLIL instruction / Julieta Ojeda Alba -- Tense and agreement morphology in the interlanguage of Basque/Spanish bilinguals: CLIL vs. non-CLIL / Izaskun Villareal Olaizola and Mar&#xFFFD;ia del Pilar Garc&#xFFFD;ia Mayo -- The acquisition of English syntax by CLIL learners in the Basque country / Mar&#xFFFD;ia Mart&#xFFFD;inez Adri&#xFFFD;an and M. Junkal Guti&#xFFFD;errez Mangado -- Communicative competence and the CLIL lesson / Christiane Dalton-Puffer -- CLIL in social science classrooms: analysis of spoken and written productions / Rachel Whittaker and Ana Ilinares.</subfield>
  </datafield>
  <datafield tag="533" ind1=" " ind2=" ">
    <subfield code="a">Electronic reproduction.</subfield>
    <subfield code="b">Palo Alto, Calif. :</subfield>
    <subfield code="c">ebrary,</subfield>
    <subfield code="d">2013.</subfield>
    <subfield code="n">Available via World Wide Web.</subfield>
    <subfield code="n">Access may be limited to ebrary affiliated libraries.</subfield>
  </datafield>
  <datafield tag="650" ind1=" " ind2="0">
    <subfield code="a">Language and languages</subfield>
    <subfield code="x">Study and teaching</subfield>
    <subfield code="z">Europe.</subfield>
  </datafield>
  <datafield tag="650" ind1=" " ind2="0">
    <subfield code="a">Language arts</subfield>
    <subfield code="x">Correlation with content subjects</subfield>
    <subfield code="z">Europe.</subfield>
  </datafield>
  <datafield tag="655" ind1=" " ind2="7">
    <subfield code="a">Electronic books.</subfield>
    <subfield code="2">local</subfield>
  </datafield>
  <datafield tag="700" ind1="1" ind2=" ">
    <subfield code="a">Ruiz de Zarobe, Yolanda.</subfield>
  </datafield>
  <datafield tag="700" ind1="1" ind2=" ">
    <subfield code="a">Jim&#xFFFD;enez Catal&#xFFFD;an, Rosa Ma.</subfield>
    <subfield code="q">(Rosa Mar&#xFFFD;ia)</subfield>
  </datafield>
  <datafield tag="710" ind1="2" ind2=" ">
    <subfield code="a">ebrary, Inc.</subfield>
  </datafield>
  <datafield tag="856" ind1="4" ind2="0">
    <subfield code="u">http://site.ebrary.com/lib/rucke/Doc?id=10310852</subfield>
    <subfield code="z">An electronic book accessible through the World Wide Web; click to view</subfield>
  </datafield>
  <datafield tag="999" ind1=" " ind2=" ">
    <subfield code="c">161893</subfield>
    <subfield code="d">161893</subfield>
  </datafield>
</record>
